000 00947cab a22002055a 4500
001 E147083
008 090331e20090218stk 000 0 eng d
035 _a(Sirsi) u147084
041 0 _aeng
110 2 _aRoyal Institution of Chartered Surveyors
_bScottish Branch
_9830
245 0 0 _aRICS Scotland employment advice
_bFebruary 2009
_h[electronic resource]
260 _c2009
490 _aRICS Scotland Feature
_v18 February 2009
520 _aA guide for RICS Scotland members on issues related to redundancy and services which RICS offers which may be useful to those facing job loss. Gives advice on keeping up to date with industry developments and provides useful contacts.
590 _aKA
651 4 _aScotland
_y1999-
690 _aMANAGEMENT-BUSINESS MANAGEMENT
856 4 0 _uhttps://www.rics.org/RICSWEB/getpage.aspx?p=H180Sboemkq3BTGqVO6H2A
_zView the guidance free of charge (member-only content) at www.rics.org...
942 _n0
999 _c81379
_d81379